00894nam a22002537a 45000010005000000030006000050050017000110080041000280200015000690400029000840500016001130820008001291000021001372450072001582600056002303000060002864900025003465050008003715200155003795210029005345210020005636500023005837000034006069468FISKH20260113162624.0260113b cb ||||| |||| 00| 0 eng d a0030420768 aFISKHbengcFISKHdFISKH aPZ7.H3587 X a813 aHefter , Richard aXerus won't allow it / cWritten and Illustrated by Richard Hefter  aNew York : bHolt , Rinehart and Winston , c1978 . a34 unnumbered pages : bcolor illustrations ;c25 cm .  aSweet Pickles v(24) aK  aXerus is convinced that more rules and regulations will keep order in the town of Sweet Pickles, until she finds that she has to follow the rules too.8 a510 bLexile estimate 8 aK bRaz-Plus  aSquirrelsvFiction aPerle , Ruth Lerner eEditor